000 00226nam a2200085Ia 4500
008 120527s9999 xx 000 0 und d
100 _aBailey, T. Norman
245 _aThe mathematical Approach to biologyand medicine
942 _cBK
999 _c27822
_d27822